Ga door naar de inhoud
VuFind
Taal
English
Deutsch
Español
Français
Italiano
日本語
Nederlands
Português
Português (Brasil)
中文(简体)
中文(繁體)
Türkçe
עברית
Gaeilge
Cymraeg
Ελληνικά
Català
Euskara
Русский
Čeština
Suomi
Svenska
polski
Dansk
slovenščina
اللغة العربية
বাংলা
Galego
Tiếng Việt
Hrvatski
हिंदी
Alle velden
Titel
Auteur
Onderwerp
Plaatsingsnummer
ISBN/ISSN
Tag
Zoek
Geavanceerd
Zoeken
Shodh aur samiksha
Citeren
Versturen
Afdrukken
Exporteer Record
Exporteer naar RefWorks
Exporteer naar EndNoteWeb
Exporteer naar EndNote
permanent_link
Wordt geladen...
Shodh aur samiksha
Exemplaren
Omschrijving
Gelijkaardige items
Personeel
LEADER
00157 a2200097 4500
020
260
942
|c
BK
|6
_
245
|a
Shodh aur samiksha
100
999
|c
66584
|d
66584
Gelijkaardige items
Shodh aur samiksha
door: Sharma S P
Shodh aur samiksha /
door: P.L.Gupta
Gepubliceerd in: (1990)
Sidhanth aur samiksha /
door: Santram, Vichitra, Psued
Gepubliceerd in: (1951)
Sahitya aur samiksha /
door: Gulabray
Gepubliceerd in: (1956)
Shodh aur sameeksha
door: Parameswae Lal Guptha
Gepubliceerd in: (1990)
Wordt geladen...